| 000 | 01426nam a2200229 a 4500 | ||
|---|---|---|---|
| 999 |
_c812 _d812 |
||
| 003 | AR-BaISA | ||
| 005 | 20220330124448.0 | ||
| 007 | ta | ||
| 008 | 220330s2007 ag a|||f |||| 000 0 spa d | ||
| 020 | _a9789871172184 | ||
| 040 |
_bspa _cAR-BaISA |
||
| 082 | 0 | 4 |
_222 _a378.8 F392 |
| 100 | 1 |
_91912 _aFernández Lamarra, Norberto |
|
| 245 | 1 | 0 |
_aEducación superior y calidad en América Latina y Argentina: _blos procesos de evaluación y acreditación / _cNorberto Fernández Lamarra |
| 260 |
_aCaseros: _bEditorial de la Universidad Nacional de Tres de Febrero (EDUNTREF), _c2007 |
||
| 300 |
_a197 p.: _bil., tablas |
||
| 504 | _aBibliografía p.: 197 | ||
| 505 |
_tEVALUACIÓN Y ACREDITACIÓN DE LA EDUCACIÓN SUPERIOR EN AMÉRICA LATINA Y EL CARIBE: _tLa educación superior latinoamericana y del Caribe: evaluación, situación, problemas -- _tLa calidad de la educación superior: concepciones -- _tNormativa: evolución y situación actual -- _tOrganismos de aseguramiento de la calidad -- _tLos enfoques metodológicos -- _tAseguramiento de la calidad en los procesos de internacionalización de la educación superior y de educación virtual -- _tPrincipales tendencias, logros y desafíos -- _tEVALUACIÓN Y ACREDITACIÓN EN LA EDUCACIÓN SUPERIOR ARGENTINA |
||
| 650 | 1 | 4 |
_9204 _aEducación superior _vestudio de evaluación _xacreditación _zAmérica Latina |
| 650 | 1 | 0 |
_9305 _aEvaluación educativa |
| 942 |
_2ddc _cLI _e22 |
||